banner-ar

تطوير وترميم قصر المجوهرات الملكية بالاسكندرية : (Record no. 66123)

MARC details
000 -الفاتح
حقل البيانات ثابتة الطول 01191nam a22002417a 4500
005 - وقت وتاريخ اخر تعامل مع التسجيلة
رقم الضبط 20240530110900.0
008 - عناصر البيانات ثابتة الطول - معلومات عامة
حقل البيانات ثابتة الطول 180924s2016 ua hk f b 000 0 ara d
017 ## - رقم الايداع القانونى
رقم الايداع القانونى 9563/2015
المصدر ( الهيئة المختصة) مصر. دار الكتب
020 ## - الرقم الدولى المعيارى للكتب
الرقم الدولى المعيارى للكتاب 9789774523227
040 ## - مصدر الفهرسة
وكالة الفهرسة الأصلية EG-CaGPL
وكالة النسخ EG-CaGPL
082 04 - رقم تصنيف ديوى العشرى
رقم الطبعة 21
رقم التصنيف 725.1709621
رقم المادة ق/ع ت
100 0# - المدخل الرئيسى - إسم شخصى
الإسم الشخصى على رافت
245 10 - بيان العنوان
العنوان تطوير وترميم قصر المجوهرات الملكية بالاسكندرية :
بقية العنوان قصر النبيلة فاطمة الزهراء حيدر : دراسة تاريخية تحليلية ومعمارية /
بيان المسئوليه,etc على رافت ؛ تصدير اسماعيل سراج الدين
260 ## - PUBLICATION, DISTRIBUTION, ETC. (IMPRINT)
تاريخ النشر أو التوزيع 2015
300 ## - الوصف المادى
التعداد 177 ص. :
تفاصيل ماديه اخرى للوعاء ايض ؛
أبعاد الوعاء 32 سم.
504 ## - تبصرة ببليوجرافية
تبصرة ببليوجرافية,الخ يشتمل على ارجاعات ببليوجرافية
650 07 - المدخل الاضافى بالموضوع-مصطلح موضوعى
مصدر الرأس أو المصطلح qrmak
مصطلح موضوعي متحف المجوهرات الملكية
التقسيم الفرعي العام تاريخ
التقسيم الفرعي الجغرافي مصر
-- الاسكندرية
650 07 - المدخل الاضافى بالموضوع-مصطلح موضوعى
مصدر الرأس أو المصطلح qrmak
مصطلح موضوعي القصور
التقسيم الفرعي العام عمارة
التقسيم الفرعي الجغرافي مصر
651 07 - المدخل الاضافى بالموضوع - اسم جغرافى
مصدر الرأس أو المصطلح qrmak
الاسم الجغرافي الاسكندرية ( مصر )
التقسيم الفرعي العام مبانى
700 0# - المدخل الاضافى - اسم شخصى
الإسم الشخصى اسماعيل سراج الدين
الدور مصدر
942 ## - عناصر المدخل الإضافي( كوها)
مصدر التصنيف او مخطط الترفيف Dewey Decimal Classification
Koha [default] item type كتاب
260 ## - PUBLICATION, DISTRIBUTION, ETC. (IMPRINT)
-- الاسكندرية :
-- مكتبة الاسكندرية،
Holdings
حالة التراجع حالة الفقد حالة تلف ليس للاعارة المكان المؤقت الموقع الحالى موقع الترفيف تاريخ الاكتساب اجمالي اﻻعارات رقم الطلب الباركود تاريخ اخر مشاهدة تاريخ تفعيل السعر نوع وعاء كوها
        مكتبة القاهرة الكبرى مكتبة القاهرة الكبرى   02/09/2022   725.1709621 / ق/ع ت 167353 02/09/2022 02/09/2022 كتاب

Powered By

EGPV